|
|
|
|
| LEADER |
03804nam a2200721 a 4500 |
| 001 |
nkc20081814206 |
| 003 |
CZ PrNK |
| 005 |
20110308082528.0 |
| 007 |
ta |
| 008 |
080730s2008 xr f 100 0 eng |
| 015 |
|
|
|a cnb001814206
|
| 020 |
|
|
|a 978-80-7051-178-7
|q (brož.)
|
| 035 |
|
|
|a (OCoLC)655132760
|
| 040 |
|
|
|a BOA001
|b cze
|d ABA001
|
| 041 |
0 |
|
|a eng
|a slo
|b fre
|
| 043 |
|
|
|a ec-----
|a ee-----
|
| 045 |
|
|
|a y-y-
|
| 072 |
|
7 |
|a 004
|x Počítačová věda. Výpočetní technika. Informační technologie
|2 Konspekt
|9 23
|
| 080 |
|
|
|a 002.2:004
|2 MRF
|
| 080 |
|
|
|a 025.7/.9
|2 MRF
|
| 080 |
|
|
|a 024.5/.6:002.1
|2 MRF
|
| 080 |
|
|
|a 025:004.08
|2 MRF
|
| 080 |
|
|
|a 026/027+069+930.25
|2 MRF
|
| 080 |
|
|
|a 304.2/.4
|2 MRF
|
| 080 |
|
|
|a (4-191.2)+(4-11)
|2 MRF
|
| 080 |
|
|
|a (062.534)
|2 MRF
|
| 111 |
2 |
|
|a Kolokvium knihovnicko-informačních pracovníků zemí V4+
|n (2. :
|d 2008 :
|c Brno, Česko)
|7 kn20080713013
|
| 245 |
1 |
0 |
|a Digitalization - the Path to Protection and Access to Documents :
|b 2nd Colloquium of Library Information Employees of the V4+ Countries = Digitalizace - cesta k ochraně a zpřístupnění dokumentů : 2. kolokvium knihovnicko-informačních pracovníků zemí V4+ Brno: 6-8- July 2008 : [sborník příspěvků /
|c Michaela Shejbalová (ed.)]
|
| 246 |
3 |
0 |
|a Colloquium of Library Information Employees of the V4+ Countris
|
| 246 |
3 |
0 |
|a 2nd Colloquium of Library Information Employees of the V4+ Countries
|
| 246 |
3 |
0 |
|a Kolokvium knihovnicko-informačních pracovníků zemí V4+
|
| 246 |
3 |
0 |
|a 2. kolokvium knihovnicko-informačních pracovníků zemí V4+
|
| 246 |
3 |
1 |
|a Digitalizace - cesta k ochraně a zpřístupnění dokumentů
|
| 250 |
|
|
|a 1. vyd.
|
| 260 |
|
|
|a V Brně :
|b Moravská zemská knihovna,
|c 2008
|
| 300 |
|
|
|a 71 s. ;
|c 30 cm
|
| 500 |
|
|
|a Souběžná česká předmluva
|
| 500 |
|
|
|a 150 výt.
|
| 504 |
|
|
|a Obsahuje bibliografii a bibliografické odkazy
|
| 546 |
|
|
|a Část. slovenský text, francouzské resumé
|
| 648 |
|
7 |
|a 21. století
|7 ch460559
|2 czenas
|
| 650 |
0 |
7 |
|a digitalizace dokumentů
|7 ph135871
|z Evropa střední a východní
|y 2001-2010
|2 czenas
|
| 650 |
0 |
7 |
|a ochrana knihovních fondů
|7 ph115550
|z Evropa střední a východní
|y 21. století
|2 czenas
|
| 650 |
0 |
7 |
|a zpřístupňování dokumentů
|7 ph207640
|z Evropa střední a východní
|y 21. století
|2 czenas
|
| 650 |
0 |
7 |
|a digitální knihovny
|7 ph135239
|z Evropa střední a východní
|y 21. století
|2 czenas
|
| 650 |
0 |
7 |
|a paměťové instituce
|7 ph222850
|z Evropa střední a východní
|y 21. století
|2 czenas
|
| 650 |
0 |
7 |
|a kulturní politika
|7 ph122027
|z Evropa střední a východní
|y 21. století
|2 czenas
|
| 650 |
0 |
9 |
|a digitization of documents
|z Europe, Central and Eastern
|y 2001-2010
|2 eczenas
|
| 650 |
0 |
9 |
|a preservation of library collections
|z Europe, Central and Eastern
|y 21st century
|2 eczenas
|
| 650 |
0 |
9 |
|a accessibility of documents
|z Europe, Central and Eastern
|y 21st century
|2 eczenas
|
| 650 |
0 |
9 |
|a digital libraries
|z Europe, Central and Eastern
|y 21st century
|2 eczenas
|
| 650 |
0 |
9 |
|a memory institutions
|z Europe, Central and Eastern
|y 21st century
|2 eczenas
|
| 650 |
0 |
9 |
|a cultural policy
|z Europe, Central and Eastern
|y 21st century
|2 eczenas
|
| 655 |
|
7 |
|a sborníky konferencí
|7 fd133333
|2 czenas
|
| 655 |
|
9 |
|a proceedings of conferences
|2 eczenas
|
| 700 |
1 |
|
|a Shejbalová, Michaela,
|d 1977-
|7 js20080713022
|4 edt
|
| 856 |
4 |
1 |
|u http://www.digitalniknihovna.cz/mzk/uuid/uuid:39f39130-609a-11e2-bc24-005056827e51
|y Digitalizovaný dokument
|x NDK
|
| 910 |
2 |
|
|a BOA001
|b 3-1209.159
|
| 990 |
|
|
|a BK
|
| 995 |
|
|
|a 01
|
| 991 |
|
|
|b 200808
|c NOV
|
| 996 |
6 |
|
|b 2610350614
|c 3-1209.159
|l MZK
|r Sklad / do 1 hodiny
|n 2
|p p.v.
|w 001071358
|u 000010
|a 1
|e BOA001
|j MZK50
|s P
|
| 996 |
7 |
|
|b 2610350615
|c 3-1209.159
|l MZK
|r Sklad / do 1 hodiny
|n 4
|p p.v.
|w 001071358
|u 000020
|a 1
|e BOA001
|j MZK50
|s A
|